Команды нба с подсказкой на инглише - Statistics

General Stats
  • This quiz has been taken 6 times
  • The average score is 20 of 30
Answer Stats
Hint Answer % Correct
Энсьерро Bulls
100%
Байкал, Эри, Мичиган, Онтарио Lakers
100%
Ролл с лососем 76ers
67%
Доллары Bucks
67%
Благородные рыцари Cavaliers
67%
Чаепитие в 18 веке Celtics
67%
Кусачки для деревьев в саду Clippers
67%
Скоро в спячку Grizzlies
67%
Хищная птичка Hawks
67%
Имя актера, лучше всех сыгравшего джокера Heat
67%
Непревзойденная легенда гонок стремительный Хадсон ... Hornets
67%
Луи армстронг Jazz
67%
Этим ребятам далеко до их монаршего статуса Kings
67%
Подписали Дюранта, Леброна, Ирвинга, Уильямсона и всех в одно межсезонье Knicks
67%
Достаю кролика из шляпы Magic
67%
Фильм про бродягу с Мэлом Гибсоном Mavericks
67%
Постоянно рвется, элемент баскетбольного кольца Nets
67%
Скорость в на карточках в фифе Pacers
67%
Птичка с огромным клювом Pelicans
67%
Компонент двигателя Pistons
67%
Парк Юрского периода Raptors
67%
.... у нас проблемы Rockets
67%
26 лет под властью одного церковного работника Spurs
67%
Гелиос бог ? Suns
67%
Тор Thunder
67%
Лесные псы Timberwolves
67%
Крупный джип от шевроле Trail blazers
67%
Любят пострелять издалека Warriors
67%
Амаяк Акопян Wizards
67%
9 за 69 в БК Nuggets
33%
No matching quizzes found
Score Distribution
Percent of People with Each Score
Percentile by Number Answered
Your Score History
You have not taken this quiz